| 000 | 00873nam a2200265Ia 4500 | ||
|---|---|---|---|
| 003 | OSt | ||
| 005 | 20220926005416.0 | ||
| 006 | a|||||r|||| 00| 0 | ||
| 007 | ta | ||
| 008 | 220923b |||||||| |||| 00| 0 eng d | ||
| 020 |
_a9788187358473 _c325.00 |
||
| 037 |
_b1275, 08/03/2017, Dhanraj Book House _cGeneral Book |
||
| 040 |
_aRTL _cRTL _beng |
||
| 041 |
_2eng _aeng |
||
| 082 | _aY73(Q7).49G, P4 | ||
| 100 |
_aAHMED Imtiaz _9265061 |
||
| 245 | 0 |
_aLived islam in South Asia _b Adaptation, accommodation & conflict |
|
| 260 |
_a New Delhi _bSocial Science Press _c2004 |
||
| 300 |
_axi,308p. _ccm. |
||
| 500 | _aBiblioghraphy: p217-221 | ||
| 650 | _aSociology | ||
| 700 |
_a REIFELD Helmut _9310220 |
||
| 942 |
_hY73(Q7).49G, P4 _cGB _2CC |
||
| 999 |
_c613721 _d613721 |
||